[Event "Central Asia Cup 3rd"]
[Site "Dushanbe"]
[Date "2013.10.18"]
[Round "7"]
[White "Boltaev, Hakim"]
[Black "Ilhom, Mootribai"]
[Result "1-0"]
[WhiteElo "1855"]
[BlackElo "1699"]
[PlyCount "73"]
[EventDate "2013.10.12"]
[EventType "swiss"]
[EventRounds "9"]
[EventCountry "TJK"]
[SourceTitle "EXT 2014"]
[Source "ChessBase"]
[SourceDate "2013.11.20"]
[SourceVersion "1"]
[SourceVersionDate "2013.11.20"]
[SourceQuality "1"]

1. d4 Nf6 2. c4 g6 3. Nc3 Bg7 4. e4 d6 5. f4 0-0 6. Nf3 c5 7. d5 Nbd7 8. Bd3 e6 9. 0-0 e5 10. fxe5 dxe5 11. Bg5 h6 12. Bh4 g5 13. Bf2 Ng4 14. h3 Nxf2 15. Rxf2 g4 16. hxg4 Nf6 17. Nh2 Kh7 18. Be2 Ne8 19. Qd2 Nd6 20. Raf1 a6 21. Qe3 b6 22. b3 Ra7 23. Qh3 Rg8 24. g3 Qg5 25. Qg2 Bh8 26. Qf3 h5 27. Kg2 f6 28. Rh1 Kh6 29. Nf1 Bxg4 30. Qxg4 Qxg4 31. Bxg4 Rxg4 32. Ne3 Rg5 33. g4 Rd7 34. Kf3 Kg6 35. gxh5+ Rxh5 36. Rg2+ Kh6 37. Rxh5+ 1-0

[Event "Central Asia Cup 3rd"]
[Site "Dushanbe"]
[Date "2013.10.14"]
[Round "3"]
[White "Boltaev, Hakim"]
[Black "Onischenko, Andrey"]
[Result "0-1"]
[WhiteElo "1855"]
[BlackElo "2094"]
[PlyCount "98"]
[EventDate "2013.10.12"]
[EventType "swiss"]
[EventRounds "9"]
[EventCountry "TJK"]
[SourceTitle "EXT 2014"]
[Source "ChessBase"]
[SourceDate "2013.11.20"]
[SourceVersion "1"]
[SourceVersionDate "2013.11.20"]
[SourceQuality "1"]

1. e4 e5 2. Nf3 Nc6 3. Bb5 a6 4. Ba4 Nf6 5. 0-0 Be7 6. Re1 b5 7. Bb3 0-0 8. c3 d5 9. exd5 Nxd5 10. Nxe5 Nxe5 11. Rxe5 c6 12. Bxd5 cxd5 13. d4 Bd6 14. Re1 Qh4 15. g3 Qh3 16. Qe2 Bg4 17. Qf1 Qh5 18. Be3 f5 19. f4 Rae8 20. Nd2 g5 21. b3 Re4 22. Qf2 Kh8 23. a4 gxf4 24. Bxf4 Bxf4 25. gxf4 Rg8 26. Kh1 Bh3 27. Rg1 Re2 28. Rxg8+ Kxg8 29. Rg1+ Kf8 30. Qg3 Bg4 31. Rg2 Qe8 32. h3 Re3 33. Qf2 Bxh3 34. Rg1 Bg4 35. Rg2 Bh3 36. Rg1 Bg4 37. Rg2 bxa4 38. bxa4 Re4 39. Nf1 Bh3 40. Rg1 Re2 41. Qf3 Bg4 42. Rxg4 Qh5+ 43. Kg1 Qxg4+ 44. Qxg4 fxg4 45. Ng3 Ra2 46. Nf5 h5 47. Ne3 g3 48. Nxd5 h4 49. Ne3 h3 0-1

[Event "Central Asia Cup 3rd"]
[Site "Dushanbe"]
[Date "2013.10.13"]
[Round "2"]
[White "Boltaev, Hakim"]
[Black "Kurbonboeva, Sarvinoz"]
[Result "0-1"]
[WhiteElo "1855"]
[BlackElo "2139"]
[PlyCount "127"]
[EventDate "2013.10.12"]
[EventType "swiss"]
[EventRounds "9"]
[EventCountry "TJK"]
[SourceTitle "EXT 2014"]
[Source "ChessBase"]
[SourceDate "2013.11.20"]
[SourceVersion "1"]
[SourceVersionDate "2013.11.20"]
[SourceQuality "1"]

1. e4 c5 2. Nf3 g6 3. d4 cxd4 4. Nxd4 Nc6 5. Be2 Bg7 6. Be3 Nf6 7. Nc3 d6 8. Qd2 Ng4 9. Bxg4 Bxg4 10. f3 Bd7 11. 0-0-0 Ne5 12. b3 Rc8 13. Nd5 e6 14. Nf4 a5 15. a4 Qc7 16. Kb1 0-0 17. Rc1 Rfe8 18. Nfe2 Bxa4 19. bxa4 Nc4 20. Qc3 Nxe3 21. Qxe3 Qb6+ 22. Qb3 Bxd4 23. Qxb6 Bxb6 24. c4 Rc6 25. Kb2 Rec8 26. Kb3 Be3 27. Rc3 Bd2 28. Rc2 Rb6+ 29. Ka2 Be3 30. Rb1 Rxb1 31. Kxb1 Kf8 32. Kb2 Ke7 33. Kc3 f5 34. Rb2 b6 35. Kd3 Bc5 36. Nc3 Bb4 37. exf5 gxf5 38. Nb5 Bc5 39. g4 fxg4 40. fxg4 Rg8 41. Rg2 Rf8 42. Nc3 Rf3+ 43. Kc2 Bb4 44. Nb5 e5 45. h4 Kf6 46. Kb2 e4 47. Nc7 e3 48. Kc2 Rf2+ 49. Rxf2+ exf2 50. Nd5+ Ke5 51. Ne3 Bc5 52. Nf1 Kf4 53. h5 Kxg4 54. h6 Kg5 55. Kd3 Kxh6 56. Ke2 Kg5 57. Ng3 h5 58. Ne4+ Kf4 59. Nf6 h4 60. Nd5+ Kg3 61. Kf1 h3 62. Nc3 h2 63. Ne4+ Kf4 64. Nxc5 0-1